000 00710nam a22002057a 4500
005 20170615105951.0
010 _aENG-118651
020 _a9788184655933
_c185.00
035 _aEN-102183
037 _bDBAD/PUB
082 _a155.418
100 _aPaul, Santy S.
245 _aOrganismic chistology :
_cby Santy S. Paul ; foreword by J. Jayakiran Sebastian
_bdeciphering the impasses of contexualities of christ /
260 _aDelhi
_bISPCK
_c2016
270 _a1585, Madrasa Road, Kashmere Gate
_bDelhi
_e110006
300 _axxi,143p.
_c21cm(pbk)
500 _aincludes bibliographical reference and index
700 _aSebastian, J. Jayakiran
942 _2ddc
_cEN
_h155.418
_mPAU
999 _c141124
_d141124